[Event "Women's World Rapid Championship 2012"]
[Site "Batumi GEO"]
[Date "2012.06.03"]
[Round "10.13"]
[White "Krush,I"]
[Black "Melia,S"]
[Result "0-1"]
[WhiteElo "2457"]
[BlackElo "2410"]

1.d4 Nf6 2.Nf3 e6 3.e3 b6 4.Bd3 Bb7 5.O-O d5 6.Ne5 Bd6 7.f4 O-O 8.Nd2 c5
9.b3 Nc6 10.Bb2 cxd4 11.exd4 Nb4 12.Be2 Rc8 13.c3 Nc6 14.Bd3 Ne7 15.Qf3 a6
16.g4 g6 17.a4 Ne8 18.Qe3 Qc7 19.g5 f5 20.Rf2 Ng7 21.Nf1 Nc6 22.b4 Nxe5 23.fxe5 Be7
24.Ng3 Bc6 25.Bc1 b5 26.a5 Be8 27.Bd2 Qd7 28.Qf4 Qd8 29.Be2 Bf7 30.Rg2 Qe8
31.h4 Kh8 32.Kh1 Nh5 33.Nxh5 gxh5 34.g6 Bxg6 35.Rag1 Rg8 36.Bxh5 Bxh5 37.Rxg8+ Qxg8
38.Rxg8+ Rxg8 39.Kh2 Rg4 40.Qh6 Rxh4+ 41.Kg3 Rg4+ 42.Kf2 Bf7 43.Bf4 Rh4  0-1

[Event "TCh-CHN 2012"]
[Site "Hangzhou CHN"]
[Date "2012.09.23"]
[Round "12"]
[White "Wang Jue"]
[Black "Krush,I"]
[Result "1-0"]
[WhiteElo "2366"]
[BlackElo "2461"]

1.e4 c5 2.Nf3 d6 3.d4 cxd4 4.Nxd4 Nf6 5.Nc3 a6 6.Be3 e5 7.Nb3 Be6 8.f4 exf4
9.Bxf4 Nc6 10.Qd2 d5 11.O-O-O Nxe4 12.Nxe4 dxe4 13.Qe3 Qf6 14.Qxe4 Be7 15.Bd3 Bd5
16.Qe3 Nb4 17.Be4 Rc8 18.Rxd5 Rxc2+ 19.Kd1 Nxd5 20.Bxd5 Rxb2 21.Be5 Qf2 22.Qd3 O-O
23.Bd4 Rxb3 24.axb3 Qh4 25.Rf1 Rd8 26.Rf5 Bb4 27.Ke2 b5 28.Kf3 Rd7 29.Qe4 Qd8
30.Qe5 Bf8 31.Rg5 Kh8 32.Rxg7 Rxd5 33.Rg8+ Kxg8 34.Qh8+  1-0

[Event "TCh-CHN 2012"]
[Site "Hangzhou CHN"]
[Date "2012.10.06"]
[Round "15"]
[White "Krush,I"]
[Black "Kuang Yinghui"]
[Result "1-0"]
[WhiteElo "2461"]
[BlackElo "2205"]

1.c4 c5 2.g3 Nf6 3.Bg2 g6 4.Nc3 Bg7 5.Nf3 O-O 6.O-O Nc6 7.d4 d6 8.d5 Ne5
9.Nxe5 dxe5 10.Be3 b6 11.a3 Bb7 12.b4 Ng4 13.Bd2 Qc8 14.Qb3 f5 15.bxc5 bxc5
16.Na4 Rb8 17.Rab1 Nf6 18.Qe3 Nd7 19.Rb5 f4 20.Qd3 Ba6 21.Ra5 Nb6 22.Rxc5 Qd8
23.Qc2 Kh8 24.Bb4 Bc8 25.Ra5 Bf5 26.Be4 Rc8 27.Nc5 Bh3 28.Rxa7 Rxc5 29.Bxc5 Nd7
30.Rxd7 Qxd7 31.Rd1 Qc7 32.Bb4 Qb6 33.c5 Qf6 34.Be1 Qg5 35.d6 exd6 36.Rxd6 Bf6
37.c6 Be7 38.Rd5 Be6 39.Rxe5  1-0

[Event "FIDE WCh Women World Cup"]
[Site "Khanty-Mansiysk RUS"]
[Date "2012.11.11"]
[Round "1.1"]
[White "Krush,I"]
[Black "Li Ruofan"]
[Result "1/2-1/2"]
[WhiteElo "2470"]
[BlackElo "2394"]

1.c4 e6 2.Nc3 d5 3.d4 Be7 4.cxd5 exd5 5.Bf4 c6 6.Qc2 Bd6 7.Bxd6 Qxd6 8.e3 Ne7
9.Bd3 b6 10.Nf3 Ba6 11.Bxa6 Nxa6 12.O-O O-O 13.Rfe1 Nc7 14.e4 Ne6 15.e5 Qc7
16.Ne2 c5 17.Rac1 Qb7 18.b3 Rfc8 19.Qd3 Rc6 20.Rc2 Rac8 21.Rec1 g6 22.h4 Nf5
23.dxc5 Rxc5 24.g4 Rxc2 25.Rxc2 Rxc2 26.Qxc2 Nh6 27.g5 Nf5 28.Ng3 Nxg3 29.fxg3 d4
30.Kf2 b5 31.Nd2 Qh1 32.Qe4 Qc1 33.Qa8+ Kg7 34.Ne4 Qe3+ 35.Kg2 Qe2+ 36.Nf2 Nc5
37.Qxa7 Qxe5 38.b4 Na4 39.Qb7 Nc3 40.a3 Nd5 41.Qc6 d3 42.Qc5 Kg8 43.Qc8+ Kg7
44.Qc5 Kg8 45.Qc8+ Kg7  1/2-1/2

[Event "FIDE WCh Women World Cup"]
[Site "Khanty-Mansiysk RUS"]
[Date "2012.11.12"]
[Round "1.2"]
[White "Li Ruofan"]
[Black "Krush,I"]
[Result "1/2-1/2"]
[WhiteElo "2394"]
[BlackElo "2470"]

1.Nf3 d5 2.d4 Nf6 3.c4 e6 4.Nc3 Bb4 5.cxd5 exd5 6.Qa4+ Nc6 7.Bg5 h6 8.Bxf6 Qxf6
9.e3 O-O 10.Be2 Rd8 11.a3 Bf8 12.O-O Ne7 13.b4 Bg4 14.Ne5 Bxe2 15.Nxe2 c6
16.Qb3 Nf5 17.a4 a5 18.bxa5 Nd6 19.Qb4 Ra7 20.Nc1 Nc4 21.Qc3 Nxa5 22.Rb1 Bd6
23.Nb3 Nxb3 24.Rxb3 Bxe5 25.dxe5 Qf5 26.a5 Re8 27.f4 f6 28.exf6 Qxf6 29.Qxf6 gxf6
30.Rfb1 Re7 31.Kf2 f5 32.Rb6 Kf7 33.a6 Rxa6 34.Rxb7 Ra2+ 35.Kf3 Ra3 36.R7b3 Rea7
37.h3 h5 38.g4 hxg4+ 39.hxg4 fxg4+ 40.Kxg4 Ke6 41.Kf3 Kd6  1/2-1/2

[Event "FIDE WCh Women World Cup"]
[Site "Khanty-Mansiysk RUS"]
[Date "2012.11.13"]
[Round "1.8"]
[White "Krush,I"]
[Black "Li Ruofan"]
[Result "1-0"]
[WhiteElo "2470"]
[BlackElo "2394"]

1.c4 c5 2.Nf3 b6 3.d4 cxd4 4.Nxd4 Bb7 5.Nc3 Nf6 6.f3 e6 7.e4 d6 8.Be2 Be7
9.O-O O-O 10.Be3 a6 11.Qd2 Nbd7 12.a4 Qc7 13.a5 bxa5 14.Nb3 a4 15.Nxa4 Nc5
16.Na5 Nxa4 17.Rxa4 Bc8 18.b4 Nd7 19.Ra2 Ne5 20.Rc1 Bd7 21.c5 dxc5 22.bxc5 Bb5
23.c6 Rfd8 24.Qe1 Nd3 25.Bxd3 Rxd3 26.Nb7 Bxc6 27.Na5 Rd6 28.Rac2 Qd7 29.Nxc6 Bf8
30.Ne5 Qb5 31.Nc4 Rd3 32.Bf2 Rad8 33.h3 Qb3 34.Ne5 R3d6 35.Qe3 Rd1+ 36.Kh2 Qb8
37.Bg3 Qb5 38.Qf4 f6 39.Nc4 e5 40.Qe3 R1d3 41.Qe2 a5 42.Ne3 Qb3 43.Nd5 Rd4
44.Bf2 Ra4 45.Rb2 Qa3 46.Rc7 Qa1 47.Qc2 Ra3 48.Rb1 Qa2 49.Qxa2 Rxa2 50.Bc5 a4
51.Bxf8 Rxf8 52.Rbb7 Ra8 53.Rxg7+ Kf8 54.Nxf6 a3 55.Rg8+  1-0

[Event "FIDE WCh Women World Cup"]
[Site "Khanty-Mansiysk RUS"]
[Date "2012.11.13"]
[Round "1.7"]
[White "Li Ruofan"]
[Black "Krush,I"]
[Result "1/2-1/2"]
[WhiteElo "2394"]
[BlackElo "2470"]

1.Nf3 d5 2.d4 Nf6 3.c4 e6 4.Nc3 Bb4 5.Qa4+ Nc6 6.Bg5 dxc4 7.e4 Bd7 8.Qc2 h6
9.Bxf6 Qxf6 10.e5 Qf4 11.Rd1 b5 12.Be2 O-O 13.g3 Qf5 14.Qxf5 exf5 15.O-O a6
16.d5 Ne7 17.d6 cxd6 18.exd6 Nc6 19.Nd5 Ba5 20.Ne7+ Kh7 21.Nxc6 Bxc6 22.Ne5 Bb7
23.Bf3 Bxf3 24.Nxf3 f6 25.Rd5 c3 26.bxc3 Bxc3 27.Rxf5 Rfd8 28.Rd5 Rd7 29.Nd4 Rad8
30.Nc6 Rxd6 31.Rc5 Rc8 32.Rxc3 Rcxc6 33.Re3 Rc2 34.a3 Rdd2 35.Rf3 Ra2 36.Rc1 Rd7
37.Rc6 a5 38.Rb6 Rb2 39.Ra6 a4 40.Rb6 Kg6 41.h4 h5 42.Rf4 Rd3 43.Rxa4 Rdd2
44.Rf4 Ra2 45.Rxb5 Rxa3 46.Rb7 Rad3 47.Rc4 Rd7 48.Rb5 R2d5 49.Rxd5 Rxd5 50.Kg2 Ra5
51.Rb4 Rc5  1/2-1/2

[Event "FIDE WCh Women World Cup"]
[Site "Khanty-Mansiysk RUS"]
[Date "2012.11.13"]
[Round "1.6"]
[White "Li Ruofan"]
[Black "Krush,I"]
[Result "1-0"]
[WhiteElo "2394"]
[BlackElo "2470"]

1.Nf3 d5 2.d4 Nf6 3.c4 dxc4 4.e3 e6 5.Bxc4 c5 6.O-O a6 7.Nc3 b5 8.Bb3 Bb7
9.e4 Nxe4 10.Nxe4 Bxe4 11.Re1 Bd5 12.dxc5 Bxb3 13.Qxb3 Be7 14.a4 O-O 15.Be3 bxa4
16.Qb7 Nd7 17.Red1 Nxc5 18.Bxc5 Bxc5 19.Rxd8 Rfxd8 20.Ng5 Ra7 21.Qe4 g6 22.Qh4 Rad7
23.Qxh7+ Kf8 24.g3 a5 25.Rxa4 Bb4 26.Ra1 Bd2 27.h4 Bxg5 28.hxg5 Rd1+ 29.Rxd1 Rxd1+
30.Kg2 Rd5 31.f4 Ke7 32.Qh8 Rb5 33.Kf3 Rb3+ 34.Ke4 Rxg3 35.Qa8 Rb3 36.Qxa5  1-0

[Event "FIDE WCh Women World Cup"]
[Site "Khanty-Mansiysk RUS"]
[Date "2012.11.13"]
[Round "1.4"]
[White "Li Ruofan"]
[Black "Krush,I"]
[Result "1-0"]
[WhiteElo "2394"]
[BlackElo "2470"]

1.Nf3 d5 2.d4 Nf6 3.c4 e6 4.Nc3 Bb4 5.Qa4+ Nc6 6.Bg5 dxc4 7.e4 h6 8.Bxf6 Qxf6
9.Bxc4 O-O 10.O-O a6 11.e5 Qe7 12.Rad1 Bxc3 13.bxc3 Bd7 14.Qc2 Na5 15.Bd3 c5
16.Qe2 Bc6 17.Bb1 Bxf3 18.Qxf3 Rfd8 19.Qe4 g6 20.d5 exd5 21.Rxd5 Rxd5 22.Qxd5 Rd8
23.Qe4 Nc6 24.f4 Qe6 25.Qe3 c4 26.f5 gxf5 27.Bxf5 Qxe5 28.Qf3 Qe7 29.Qg4+ Qg5
30.Qxc4 Rd2 31.Qe4 Ne5 32.a4 b6 33.Bh3 Rd3 34.Kh1 Rxc3 35.Qa8+ Kg7 36.Qxa6 Rc1
37.Qe2 Qf4 38.g3 Rxf1+ 39.Bxf1 Qd4 40.h3 Nd7 41.Qc2 Nc5 42.Bb5 Ne4 43.Kh2 Qe3
44.Qg2 Ng5 45.Bc6 Qd4 46.h4 Ne6 47.Qd5 Qf2+ 48.Kh3 Qf1+ 49.Qg2 Qf5+ 50.Kh2 Qe5
51.Qf2 Nc5 52.Qd2 Qf6 53.Qg2 Nd3 54.Bb5 Ne5 55.Be2 Nd7 56.Qf3 Nc5 57.Qxf6+ Kxf6
58.Bb5 Ke5 59.Kg2 Nb3 60.Kf3 Nd4+ 61.Kg4 Nxb5 62.axb5 Kf6 63.Kf4 Ke6 64.g4 f6
65.Ke4 Ke7 66.Kf5 Kd6 67.Kxf6 Kc5 68.g5 Kd5  1-0

[Event "FIDE WCh Women World Cup"]
[Site "Khanty-Mansiysk RUS"]
[Date "2012.11.13"]
[Round "1.5"]
[White "Krush,I"]
[Black "Li Ruofan"]
[Result "1-0"]
[WhiteElo "2470"]
[BlackElo "2394"]

1.c4 c5 2.Nf3 Nc6 3.d4 cxd4 4.Nxd4 g6 5.e4 Bg7 6.Be3 Nf6 7.Nc3 d6 8.Be2 O-O
9.O-O Bd7 10.f3 Nxd4 11.Bxd4 Bc6 12.Qd2 Nd7 13.Be3 f5 14.exf5 Rxf5 15.b4 b6
16.Rac1 a5 17.a3 Rc8 18.f4 axb4 19.axb4 Bb7 20.Nb5 d5 21.Bg4 Nf6 22.Bxf5 gxf5
23.cxd5 Nxd5 24.Rxc8 Qxc8 25.Bd4 Bh6 26.Be5 Qc4 27.Nd4 Nxb4 28.Nxf5 Bf8 29.Rc1 Qb3
30.Nd4 Qd5 31.Nf3 Nd3 32.Rd1 Ba6 33.Bd4 e6 34.h3 Qd6 35.Qe3 Nxf4 36.Re1 Nxh3+
37.Kh1 Bb7 38.gxh3 Bd5 39.Be5 Qc6 40.Rf1 Qc4 41.Qg5+ Kf7 42.Qf4+ Qxf4 43.Bxf4 b5
44.Kh2 b4 45.Be5 Kg6 46.Nh4+  1-0

[Event "FIDE WCh Women World Cup"]
[Site "Khanty-Mansiysk RUS"]
[Date "2012.11.13"]
[Round "1.3"]
[White "Krush,I"]
[Black "Li Ruofan"]
[Result "1-0"]
[WhiteElo "2470"]
[BlackElo "2394"]

1.c4 e6 2.Nc3 d5 3.d4 Be7 4.cxd5 exd5 5.Bf4 c6 6.Qc2 Bd6 7.Bxd6 Qxd6 8.e3 Ne7
9.Bd3 b6 10.Nf3 Ba6 11.O-O Bxd3 12.Qxd3 O-O 13.Rac1 Nd7 14.Qa6 Rfc8 15.Rc2 Rc7
16.Rfc1 Rac8 17.h3 h6 18.b3 Nb8 19.Qe2 Nd7 20.Ne1 Nf6 21.Nd3 Ne4 22.b4 Nf5
23.a3 Nxc3 24.Rxc3 Qe7 25.Qb2 Nd6 26.Ne5 Qe8 27.a4 f6 28.Nd3 Nc4 29.Qe2 Qe7
30.Qf3 Ra8 31.b5 Rd8 32.Nf4 g5 33.Nh5 Rd6 34.Ng3 Rd8 35.Nf5 Qf8 36.Rxc4 dxc4
37.bxc6 Qb4 38.Nxh6+ Kg7 39.Nf5+ Kg6 40.d5 Qd2 41.Rd1 c3 42.Rxd2 cxd2 43.e4 Re8
44.Ne3 Rce7 45.d6 Rxe4 46.d7 Rxe3 47.dxe8=Q+ Rxe8 48.Qd3+  1-0

[Event "FIDE WCh Women World Cup"]
[Site "Khanty-Mansiysk RUS"]
[Date "2012.11.14"]
[Round "2.1"]
[White "Cramling,P"]
[Black "Krush,I"]
[Result "1-0"]
[WhiteElo "2516"]
[BlackElo "2470"]

1.d4 d5 2.Nf3 Nf6 3.c4 dxc4 4.e3 e6 5.Bxc4 c5 6.O-O a6 7.Nc3 b5 8.Bb3 Bb7
9.e4 cxd4 10.Nxd4 Nbd7 11.Re1 Nc5 12.Bc2 b4 13.e5 bxc3 14.exf6 gxf6 15.b4 Qd5
16.f3 O-O-O 17.Be3 e5 18.bxc5 exd4 19.Be4 Qxc5 20.Bxb7+ Kxb7 21.Rb1+ Ka8
22.Qa4 Qc8 23.Bf4 Bd6 24.Rb6 Ka7 25.Bxd6 Kxb6 26.Rb1+ Ka7 27.Qxd4+ Ka8 28.Qd5+  1-0

[Event "FIDE WCh Women World Cup"]
[Site "Khanty-Mansiysk RUS"]
[Date "2012.11.15"]
[Round "2.2"]
[White "Krush,I"]
[Black "Cramling,P"]
[Result "1-0"]
[WhiteElo "2470"]
[BlackElo "2516"]

1.c4 c5 2.Nf3 Nf6 3.d4 cxd4 4.Nxd4 e6 5.g3 a6 6.Bg2 Qc7 7.b3 d5 8.cxd5 Bb4+
9.Bd2 Nxd5 10.Bxd5 Bxd2+ 11.Qxd2 exd5 12.Nc3 O-O 13.Nxd5 Qd6 14.Ne3 Rd8 15.Rd1 Qf6
16.Nec2 Bh3 17.Qf4 Qb6 18.f3 Nc6 19.g4 h5 20.gxh5 Nxd4 21.Nxd4 Rd5 22.h6 Rad8
23.e3 Qa5+ 24.Rd2 Rc8 25.b4 Qxb4 26.Ke2 Qc4+ 27.Kf2 Qb4 28.Rhd1 Qd6 29.Qxd6 Rxd6
30.hxg7 Rg6 31.e4 Rg2+ 32.Ke3 Rc3+ 33.Kf4 Rg6 34.Rd3 Rxd3 35.Rxd3 Rg2 36.a3 Rxh2
37.Rb3 b5 38.Rc3 Rd2 39.Ke3 Ra2 40.Nc6 Ra1 41.Kd4 Kxg7 42.f4 Bf1 43.Ke5 Rd1
44.Rg3+ Kf8 45.Rg1 Be2 46.Rxd1 Bxd1 47.Kd6 f6 48.Nd4 Kf7 49.Kc7 Ke7 50.Kb6 Kd6
51.Nf5+ Kd7 52.Kxa6 Bc2 53.Kxb5 Bxe4 54.Ne3 Kd6 55.Kc4 Bc6 56.Kd4 Ba4 57.Nd5 f5
58.Ne3 Bd7 59.Nc4+ Ke6 60.Kc5 Ba4 61.Nb6 Bc2 62.a4 Bd3 63.a5 Ke7 64.Kd5 Kd8
65.Kd6 Bb5 66.Kc5 Bd3 67.Nd5 Be4 68.Nc3 Bg2 69.Kb6 Kd7 70.Nb5 Be4 71.a6 Ba8
72.Nd4 Be4 73.a7 Ba8 74.Nxf5  1-0

[Event "FIDE WCh Women World Cup"]
[Site "Khanty-Mansiysk RUS"]
[Date "2012.11.16"]
[Round "2.3"]
[White "Krush,I"]
[Black "Cramling,P"]
[Result "1-0"]
[WhiteElo "2470"]
[BlackElo "2516"]

1.c4 c5 2.Nf3 Nf6 3.g3 b6 4.Bg2 Bb7 5.O-O e6 6.Nc3 Be7 7.d4 cxd4 8.Qxd4 d6
9.Bg5 a6 10.Bxf6 Bxf6 11.Qf4 Ra7 12.Rfd1 Be7 13.Ne4 Bxe4 14.Qxe4 O-O 15.Nd4 Rc7
16.Rd2 Qc8 17.b3 Re8 18.Rad1 Rc5 19.a4 d5 20.cxd5 Rxd5 21.Bh3 Bf6 22.Qxd5 exd5
23.Bxc8 Rxc8 24.Rc2 Re8 25.Rc7 b5 26.e3 Be5 27.Rb7 bxa4 28.bxa4 g6 29.Nf3  1-0

[Event "FIDE WCh Women World Cup"]
[Site "Khanty-Mansiysk RUS"]
[Date "2012.11.16"]
[Round "2.4"]
[White "Cramling,P"]
[Black "Krush,I"]
[Result "0-1"]
[WhiteElo "2516"]
[BlackElo "2470"]

1.d4 d5 2.Nf3 Nf6 3.c4 dxc4 4.e3 e6 5.Bxc4 c5 6.O-O a6 7.Bd3 Nc6 8.Nc3 cxd4
9.exd4 Nb4 10.Bb1 b6 11.Bg5 Bb7 12.Re1 Be7 13.Ne5 Nfd5 14.Qf3 O-O 15.Qh3 f5
16.Bd2 Bg5 17.Bxg5 Qxg5 18.Nf3 Qf6 19.Qg3 Rac8 20.Ne5 Qh6 21.Nxd5 Nxd5 22.Bd3 Rfd8
23.Nc4 Nf4 24.Nxb6 Rb8 25.d5 Nxd5 26.Nxd5 Bxd5 27.Bxa6 Rxb2 28.a4 Ra8 29.Bf1 Qd2
30.Red1 Qb4 31.Qe5 Qb8 32.Qxb8+ Rbxb8 33.a5 Kf7 34.a6 Ra7 35.Rd2 g5 36.h4 gxh4
37.Rd4 Kg6 38.Rxh4 Rb6 39.Rc1 Rc6 40.Ra1 Rc2 41.Rb4 Kf6 42.f3 h6 43.Rb6 Rc6
44.Rb8 Bc4 45.Bxc4 Rxc4 46.Rb6 Rc2 47.Re1 Re7 48.Ra1 Ra7 49.Re1 Re7 50.Kh2 Ra2
51.Kh3 Ra4 52.Rc1 Re8 53.Rcc6 Re7 54.Rc8 Kf7 55.Ra8 Kf6 56.Rf8+ Kg5 57.Rc8 Kf6
58.Rcc6 Re8 59.Rd6 Re7 60.Rd8 Kf7 61.Rh8 Kg7 62.Ra8 Kf6 63.Rab8 Ra2 64.Rc6 Ra4
65.Rf8+ Kg5 66.Rb6 Ra7 67.Rxe6 R4xa6 68.Re5 Rf6 69.Rg8+ Rg6 70.Rb8 Kf4 71.Rbb5 Rg5
72.Rec5 Rh5+  0-1

[Event "FIDE WCh Women World Cup"]
[Site "Khanty-Mansiysk RUS"]
[Date "2012.11.18"]
[Round "3.2"]
[White "Krush,I"]
[Black "Huang Qian"]
[Result "0-1"]
[WhiteElo "2470"]
[BlackElo "2465"]

1.g3 c5 2.c4 Nc6 3.Bg2 g6 4.Nc3 Bg7 5.Nf3 d6 6.O-O e6 7.d3 Nge7 8.Bg5 h6
9.Bd2 O-O 10.a3 Kh7 11.Rb1 a5 12.Nb5 d5 13.Nc3 b6 14.e3 Bb7 15.Na4 Rb8 16.b4 axb4
17.axb4 cxb4 18.Bxb4 Nxb4 19.Rxb4 Ba6 20.Qb1 dxc4 21.dxc4 Bxc4 22.Rxc4 b5
23.Rh4 bxa4 24.Qa2 Nd5 25.Qxa4 Bf6 26.Rh3 Rb4 27.Qc2 Qc8 28.Qxc8 Rxc8 29.Nd2 Nc3
30.f4 Rd8 31.Nf3 Kg7 32.g4 g5 33.fxg5 hxg5 34.Ne1 Rxg4 35.Rhf3 Ne4 36.h3 Rh4
37.Nc2 Rd7 38.Re1 Bc3 39.Rc1 f5 40.Rff1 Bd2 41.Rb1 Rc7 42.Rb2 Rc3 43.Rf3 Rh8
44.Bf1 Rhc8 45.Nb4 Bxe3+ 46.Kg2 g4  0-1

[Event "FIDE WCh Women World Cup"]
[Site "Khanty-Mansiysk RUS"]
[Date "2012.11.19"]
[Round "3.3"]
[White "Huang Qian"]
[Black "Krush,I"]
[Result "1-0"]
[WhiteElo "2465"]
[BlackElo "2470"]

1.Nf3 c5 2.c4 Nc6 3.Nc3 g6 4.e3 Nf6 5.d4 cxd4 6.exd4 d5 7.c5 Bg7 8.Bb5 O-O
9.O-O Bg4 10.Be3 Ne4 11.Be2 Nxc3 12.bxc3 b6 13.Qa4 Qc7 14.h3 Bxf3 15.Bxf3 e6
16.Rac1 bxc5 17.dxc5 Ne5 18.Be2 Nd7 19.Qa3 Rfd8 20.Rfd1 Nb8 21.Qa4 Nc6 22.Bb5 Ne7
23.Ba6 Nf5 24.c6 Nxe3 25.fxe3 Rab8 26.Bb7 a5 27.Rd3 Qb6 28.c4 Be5 29.Qb5 Qc7
30.cxd5 Rxd5 31.Rxd5 exd5 32.Rd1 Qe7 33.Qxd5 Bc7 34.Qf3 Rd8 35.Rxd8+ Qxd8
36.Ba6 Qd2 37.a4 Qc1+ 38.Bf1 Bb6 39.Kh2 Bxe3 40.h4 Bf4+ 41.g3 Bc7 42.Bb5 Qd2+
43.Kh3 h5 44.Bc4 Qd8 45.Qxf7+ Kh8 46.Qxg6  1-0

[Event "FIDE WCh Women World Cup"]
[Site "Khanty-Mansiysk RUS"]
[Date "2012.11.19"]
[Round "3.4"]
[White "Krush,I"]
[Black "Huang Qian"]
[Result "1/2-1/2"]
[WhiteElo "2470"]
[BlackElo "2465"]

1.d4 c5 2.d5 e5 3.e4 d6 4.h3 Be7 5.Nf3 Nf6 6.Nc3 O-O 7.Bd3 Nbd7 8.O-O Ne8
9.Be3 Nc7 10.Qd2 Nf6 11.a4 Bd7 12.Qe2 a6 13.Nd2 b6 14.f4 exf4 15.Bxf4 b5
16.axb5 axb5 17.Rxa8 Qxa8 18.Nxb5 Nxb5 19.Bxb5 Bxb5 20.Qxb5 Rb8 21.Qc6 Qxc6
22.dxc6 Rc8 23.Ra1 Rxc6 24.Ra8+ Bf8 25.Bg5 Nd7 26.Rd8 Nb6 27.Be7 Rc8 28.Rxd6 Bxe7
29.Rxb6 c4 30.Rb7 Bc5+ 31.Kf1 c3 32.bxc3 Bd6 33.Rd7 Be5 34.c4 Kf8 35.Ke2 Bc3
36.Kd3 Ke8 37.Rd5 Bxd2 38.Kxd2 Rxc4 39.Kd3 Rc6 40.Rg5 Rd6+ 41.Ke3 Rc6 42.Rxg7 Rxc2
43.Kf3 h6 44.Rh7 Rc6 45.e5 Kf8 46.Rh8+ Kg7 47.Rd8 Rc4 48.Rd3 Kg6 49.Rd6+ Kg7
50.Rf6 Rc1 51.Kg4 Re1 52.Rf5 Kg6 53.Rf6+ Kg7 54.Rf5 Kg6 55.h4 Re4+ 56.Rf4 Rxe5  1/2-1/2

[Event "Reykjavik Open 2013"]
[Site "Reykjavik ISL"]
[Date "2013.02.19"]
[Round "1.44"]
[White "Krush,I"]
[Black "Merkesvik,Sondre"]
[Result "1-0"]
[WhiteElo "2460"]
[BlackElo "1903"]

1.c4 Nf6 2.Nc3 d5 3.cxd5 Nxd5 4.g3 g6 5.Bg2 Nxc3 6.bxc3 Bg7 7.Rb1 O-O 8.Nf3 c5
9.O-O Nc6 10.c4 Qc7 11.d3 Rb8 12.Bf4 e5 13.Be3 b6 14.Ng5 Bb7 15.Ne4 Ne7 16.Nc3 Bxg2
17.Kxg2 Kh8 18.a4 f5 19.Bg5 Ng8 20.Bd2 Nf6 21.e4 f4 22.f3 g5 23.g4 h5 24.h3 Rfd8
25.Nd5 Qd7 26.Bc3 Re8 27.Rf2 h4 28.Rfb2 Kh7 29.Qc2 Qd6 30.a5 Rb7 31.axb6 Nxd5
32.exd5 axb6 33.Rb5 Kg8 34.Ra1 Qc7 35.Ra6 Reb8 36.Qb2 Kh7 37.Ra3 Kg8 38.Rab3 Bf6
39.Qe2 Kg7 40.Ra3 Qd6 41.Qe4 Qe7 42.Qf5 Qd7 43.Qe4 Qe7 44.Ra6 Qd6 45.Be1 Qd7
46.Bf2 Qe7 47.Qf5 Qf7 48.d6 Qg6 49.Qxg6+ Kxg6 50.Ra3 Bd8 51.Rab3 Kf6 52.Bxc5 Ke6
53.Ba3 Bf6 54.c5 Kd7 55.Rxb6 Rxb6 56.Rxb6 Rxb6 57.cxb6 Kc6 58.Bc5 Bd8 59.d4 exd4
60.Bxd4 Kxd6 61.b7 Kc7 62.Bb6+  1-0

[Event "Reykjavik Open 2013"]
[Site "Reykjavik ISL"]
[Date "2013.02.20"]
[Round "3.33"]
[White "Krush,I"]
[Black "Maack,K"]
[Result "1-0"]
[WhiteElo "2460"]
[BlackElo "2136"]

1.c4 e5 2.g3 Nf6 3.Bg2 d5 4.cxd5 Nxd5 5.Nf3 Nc6 6.O-O Nb6 7.b3 Be7 8.Bb2 f6
9.Nc3 O-O 10.Rc1 Be6 11.Qc2 Qc8 12.Rfd1 Rd8 13.Ne4 Nd5 14.a3 a5 15.Nc5 Bxc5
16.Qxc5 Nde7 17.Qc2 Bd5 18.e4 Bf7 19.d4 exd4 20.Nxd4 Nxd4 21.Rxd4 Rxd4 22.Bxd4 Nc6
23.Be3 Qf8 24.Bc5 Qe8 25.b4 axb4 26.axb4 Ne5 27.f4 Ra2 28.Qc3 Nc4 29.Rd1 b6
30.Bf2 h6 31.h3 b5 32.Qd4 Kh7 33.Qc5 Rd2 34.Rxd2 Nxd2 35.Qxc7 Bc4 36.Qc5 Nb3
37.Qf5+ Kg8 38.e5 fxe5 39.fxe5 Qe6 40.Qxe6+ Bxe6 41.Bc6 Bc4 42.e6 Kf8 43.h4 Ke7
44.Bd7 Bxe6 45.Bxb5 Nd2 46.Bc5+ Kf6 47.Bc6 Ke5 48.Bf8 Kf6 49.Kf2 Nc4 50.Ke2 Bg4+
51.Bf3 Bd7 52.Bd5 Bb5 53.Kf3 Ne5+ 54.Ke4 Nd7 55.Bd6 Nb6 56.Bb3 g5 57.Kd4 gxh4
58.gxh4 Nd7 59.Bf4 h5 60.Bd1 Kg6 61.Kd5 Nf8 62.Bc2+ Kf7 63.Bf5 Be2 64.Kc6 Ne6
65.Bxe6+ Kxe6 66.b5 Kf5 67.Bg5 Ke6 68.b6 Bf3+ 69.Kc7  1-0

[Event "Reykjavik Open 2013"]
[Site "Reykjavik ISL"]
[Date "2013.02.22"]
[Round "5.12"]
[White "Krush,I"]
[Black "Amin,B"]
[Result "1/2-1/2"]
[WhiteElo "2460"]
[BlackElo "2631"]

1.d4 Nf6 2.c4 e6 3.Nc3 Bb4 4.Qc2 O-O 5.a3 Bxc3+ 6.Qxc3 Ne4 7.Qc2 f5 8.e3 b6
9.Bd3 Bb7 10.Ne2 Qh4 11.O-O Rf6 12.d5 Nc5 13.g3 Qh5 14.Nf4 Qe8 15.Be2 a5
16.Bd2 a4 17.Rae1 Nba6 18.Bc3 Rh6 19.f3 Qe7 20.e4 e5 21.Nd3 fxe4 22.Nxe5 d6
23.Ng4 Rg6 24.f4 Nd7 25.f5 Rxg4 26.Bxg4 Nac5 27.f6 Nxf6 28.Be6+ Kh8 29.Rf5 Nd3
30.Ref1 Ne5 31.Rxe5 dxe5 32.Bxe5 Qc5+ 33.Qf2 e3 34.Qe2 Rf8 35.g4 Ba6 36.g5 Ne4
37.Rxf8+ Qxf8 38.Qxe3 Bxc4 39.Qf4 Qxf4 40.Bxf4 c6 41.Bf5 cxd5 42.Bxe4 dxe4  1/2-1/2

[Event "Reykjavik Open 2013"]
[Site "Reykjavik ISL"]
[Date "2013.02.26"]
[Round "9.37"]
[White "Krush,I"]
[Black "Ragnarsson,J"]
[Result "1-0"]
[WhiteElo "2460"]
[BlackElo "2046"]

1.d4 d5 2.c4 e6 3.Nc3 f5 4.Bf4 c6 5.e3 Nf6 6.Bd3 Be7 7.h3 O-O 8.Nge2 Kh8
9.O-O b6 10.Rc1 Ne4 11.f3 Nxc3 12.Rxc3 Bg5 13.Qc2 dxc4 14.Bxc4 b5 15.Bb3 a5
16.a3 b4 17.axb4 axb4 18.Rd3 Bd7 19.Bxg5 Qxg5 20.Qc5 Na6 21.Qd6 Rfd8 22.Ra1 c5
23.Rxa6 Bb5 24.Rxa8 Rxa8 25.Qf4 Qxf4 26.Nxf4 Bxd3 27.Nxd3 cxd4 28.exd4 Rd8
29.Bxe6 Rxd4 30.Bxf5 Rc4 31.Ne1 g6 32.Bd3 Rc1 33.Kf2 b3 34.Ke2 g5 35.Kd2 Ra1
36.Bc4 Rb1 37.Nd3 Rg1 38.Ne1 h5 39.Bxb3 g4 40.fxg4 hxg4 41.hxg4 Kg7 42.Bd5 Kf6
43.b4  1-0

[Event "Reykjavik Open 2013"]
[Site "Reykjavik ISL"]
[Date "2013.02.27"]
[Round "10.31"]
[White "Cherednichenko,S"]
[Black "Krush,I"]
[Result "1-0"]
[WhiteElo "2307"]
[BlackElo "2460"]

1.d4 Nf6 2.Nf3 d5 3.e3 c5 4.dxc5 e6 5.Nbd2 Bxc5 6.a3 a5 7.b3 O-O 8.Bb2 Nc6
9.Bd3 Qe7 10.c4 b6 11.Qc2 h6 12.O-O Bb7 13.cxd5 exd5 14.Bc3 Ne4 15.Bxe4 dxe4
16.Qxe4 Bxa3 17.Qg4 f5 18.Qxg7+ Qxg7 19.Bxg7 Kxg7 20.Rxa3 Rfd8 21.Rc1 Rd3
22.Ra4 Rad8 23.Rf4 Rxd2 24.Nxd2 Rxd2 25.Rxf5 Nb4 26.h4 Bd5 27.h5 Bxb3 28.Rc7+ Kg8
29.Rf6 Nd5 30.Rg6+ Kf8 31.Ra7 Bc2 32.Rxh6 Kg8 33.Rc6 Bf5 34.e4 Nb4 35.Rcc7 Be6
36.Ra8+  1-0

[Event "ch-USA w 2013"]
[Site "Saint Louis USA"]
[Date "2013.05.03"]
[Round "1"]
[White "Kats,A"]
[Black "Krush,I"]
[Result "0-1"]
[WhiteElo "2144"]
[BlackElo "2470"]

1.e4 c5 2.Nf3 Nc6 3.d4 cxd4 4.Nxd4 e6 5.Be3 Nf6 6.Nd2 Be7 7.g3 d6 8.Bg2 Bd7
9.c4 Ne5 10.Qb3 Nfg4 11.O-O Nxe3 12.Qxe3 Qb6 13.a4 Qc5 14.Nc2 Bf6 15.a5 Qc7
16.Na3 a6 17.Rfc1 Rc8 18.Nb3 Be7 19.Qd2 O-O 20.Nd4 b6 21.axb6 Qxb6 22.b3 Rb8
23.Nac2 Bd8 24.Kh1 a5 25.f4 Ng4 26.h3 Nf6 27.Ra3 Qc5 28.Rca1 Bb6 29.Rxa5 Bxa5
30.Rxa5 Qc7 31.e5 dxe5 32.Rxe5 Rfd8 33.Qe3 Be8 34.f5 Nd7 35.Re4 e5 36.Ne2 Nf6
37.Rxe5 Rxb3 38.Qf4 Rb2 39.Ncd4 Qxc4 40.g4 Rb4 41.g5 Nh5 42.Qe3 Rb1+ 43.Kh2 Rbb8
44.Bf3 Qc7 45.Kg2 f6 46.Re7 Qd6 47.Re6 Qc5 48.Re7 Kh8 49.gxf6 Nxf6 50.Re5 Qc4
51.Ne6 Rd7 52.Qg5 Rb5 53.Re3 h6 54.Qf4 Qxf4 55.N6xf4 Rxf5 56.Ne6 Bf7 57.N6d4 Ra5
58.Nc6 Rc5 59.Ne5 Ra7 60.Nf4 g5 61.Nfd3 Rc2+ 62.Kg3 Be8 63.Bd1 Rd2 64.Bb3 Kg7
65.Nc5 h5 66.h4 gxh4+ 67.Kxh4 Ra1 68.Nf3 Rh1+ 69.Kg5 Rg2+ 70.Kf4 Rg4+ 71.Kf5 Bg6+
72.Ke5 Nh7 73.Ne6+ Kh6 74.Bd5 Rc1 75.Nf4 Nf8 76.Nd4 Nd7+ 77.Kd6 Rxf4 78.Ne2 Rf6+
79.Kxd7 Re1 80.Bc4 h4 81.Ke7 Rf2 82.Ke6 Bf7+  0-1

[Event "ch-USA w 2013"]
[Site "Saint Louis USA"]
[Date "2013.05.04"]
[Round "2"]
[White "Krush,I"]
[Black "Zenyuk,I"]
[Result "1-0"]
[WhiteElo "2470"]
[BlackElo "2243"]

1.d4 Nf6 2.c4 g6 3.Nc3 Bg7 4.e4 d6 5.Be2 O-O 6.Nf3 e5 7.d5 a5 8.Bg5 h6 9.Bh4 Na6
10.O-O Bd7 11.Nd2 Qe8 12.b3 Nh7 13.a3 h5 14.f3 Bh6 15.Qc2 Be3+ 16.Kh1 f5
17.exf5 gxf5 18.Bf2 Bxf2 19.Rxf2 Nf6 20.Rg1 Kh8 21.Qb2 Nc5 22.b4 axb4 23.axb4 Na4
24.Nxa4 Rxa4 25.Bd1 Ra8 26.f4 e4 27.Nf1 Kh7 28.Ne3 Qf7 29.h3 Rg8 30.g3 Rg7
31.Kh2 Rag8 32.Rgg2 Ra8 33.Bb3 Ne8 34.c5 Qf6 35.c6 bxc6 36.dxc6 Bxc6 37.Qe2 Bd7
38.Qxh5+ Qh6 39.Qxh6+ Kxh6 40.g4 Rb8 41.gxf5 Rxg2+ 42.Rxg2 Rxb4 43.Bg8 Rb8
44.Rg6+ Kh5 45.Rg5+  1-0

[Event "ch-USA w 2013"]
[Site "Saint Louis USA"]
[Date "2013.05.06"]
[Round "4"]
[White "Krush,I"]
[Black "Belakovskaia,A"]
[Result "1-0"]
[WhiteElo "2470"]
[BlackElo "2263"]

1.c4 e5 2.Nc3 c5 3.Nf3 Nc6 4.g3 f5 5.d3 Be7 6.Bg2 Nf6 7.O-O O-O 8.a3 Rb8
9.Rb1 Qe8 10.Nd5 Bd6 11.e4 b5 12.Nxf6+ Rxf6 13.exf5 Rxf5 14.Ng5 Be7 15.Ne4 Ba6
16.Nc3 Kh8 17.cxb5 Bxb5 18.Nxb5 Rxb5 19.Bxc6 dxc6 20.Bd2 Qd7 21.Bc3 Rb8 22.Qe2 Qd5
23.f3 Bd6 24.Kg2 Kg8 25.Qe4 Rbf8 26.Rbe1 h5 27.h4 Qxe4 28.dxe4 R5f7 29.Rd1 Bc7
30.Rd3 c4 31.Rd2 a5 32.a4 Kh7 33.Rc2 Rb8 34.Rff2 Bb6 35.Rfe2 Rbf8 36.Bxe5 Rxf3
37.Bf4 Rb3 38.Rxc4 Rf6 39.Be5 Rg6 40.Bc3 Bc7 41.Re3 Be5 42.Rc5 Bxc3 43.bxc3 Rb2+
44.Kh3 Kh6 45.e5 Re6 46.Rxa5 Ra2 47.Ra8 Kg6 48.a5 c5 49.a6 Raxa6 50.Rxa6 Rxa6
51.e6 Ra8 52.g4 hxg4+ 53.Kxg4 Re8 54.c4 Kf6 55.e7 Rxe7 56.Rxe7 Kxe7 57.Kf5 Kf7
58.h5 Kg8 59.Ke5 Kh7 60.Kd5 Kh6 61.Kxc5 Kxh5 62.Kd5  1-0